Les EGOT - Statistiques

Statistiques générales
  • Ce quiz a été pris 4 fois
  • Le résultat moyen est 5 sur 19
Statistiques - réponses
EGOT complet en Nom Œuvre célèbre % Correct
1994 Audrey Hepburn Vacances romaines (1953, Oscar)
67%
2023 Elton John Le Roi Lion (1994, Oscar)
67%
2001 Mike Nichols The Real Thing (1984, Tony)
67%
2023 Viola Davis Fences (2010, Tony)
67%
2002 Whoopi Goldberg Ghost (1990, Oscar)
67%
1977 Helen Hayes La Faute de Madelon Claudet (1931, Oscar)
33%
2022 Jennifer Hudson Dreamgirls (2006, Oscar)
33%
2018 John Legend Get Lifted (2004, Grammy)
33%
1995 Marvin Hamlisch Nos plus belles années (1973, Oscar)
33%
1962 Richard Rodgers La Mélodie du bonheur (1960, Grammy)
33%
2020 Alan Menken La Belle et la Bête (1991, Oscar)
0%
2018 Andrew Lloyd Weber Evita (1980, Tony)
0%
1991 John Gielgud Arthur (1981, Oscar)
0%
1997 Jonathan Tunick Titanic (1997, Tony)
0%
2001 Mel Brooks The Producers (2001, Tony)
0%
1977 Rita Moreno West Side Story (1961, Oscar)
0%
2014 Robert Lopez La Reine des neiges (2013, Oscar)
0%
2012 Scott Rudin The Book of Mormon (2011, Tony)
0%
2018 Tim Rice Le Roi Lion (1994, Oscar)
0%
Aucun quiz correspondant
Distribution des résultats
% des personnes avec chaque résultat
Percentile par nombre de réponses
Votre historique - résultats
Vous n’avez pas pris ce quiz